LEADER 01086nam0-22003371i-450- 001 990003742350403321 005 20071004130552.0 035 $a000374235 035 $aFED01000374235 035 $a(Aleph)000374235FED01 035 $a000374235 100 $a20030910d1985----km-y0itay50------ba 101 0 $aita 105 $ay-------001yy 200 1 $aImmagine donna$emodelli di donna emergenti nei mezzi di comunicazione di massa$fGioia Di Cristofaro Longo 210 $aRoma$cPresidenza del Consiglio dei Ministri$d1985 215 $a337 p.$ctab.$d24 cm 300 $aIn alto sul front.: Commissione nazionale per la realizzazione della pari opportunitą tra uomo e donna 610 0 $aDonne$aRappresentazione nei mass media 676 $a302.23082 676 $a302.23 700 1$aDi Cristofaro Longo,$bGioia$0141902 801 0$aIT$bUNINA$gRICA$2UNIMARC 901 $aBK 912 $a990003742350403321 952 $a302.23 DIC 1$b7404$fBFS 952 $aXXVI 692$b2499$fDDCIC 959 $aBFS 959 $aDDCIC 996 $aImmagine donna$9509353 997 $aUNINA LEADER 01323nam0-2200409---450 001 990005632800203316 005 20190403124935.0 035 $a000563280 035 $aUSA01000563280 035 $a(ALEPH)000563280USA01 035 $a000563280 100 $a20030507d2002----|||y0itaa50------ba 101 $aita 102 $ait 105 $a0 00||| 200 1 $aHegel critico e scettico$eilluminismo, repubblicanesimo e antinomia alle origini della dialettica. 1785-1800$fItalo Testa$gpresentazione di Luigi Ruggiu 210 $aPadova$cIl Poligrafo$dcopyr. 2002 215 $a350 p.$d21 cm. 225 2 $aRicerche$ecollana della Facolta' di Lettere e Filosofia dell'Universita' di Venezia$v28 410 0$12001$aRicerche$v28 606 $aHegel, Georg Wilhelm Friedrich$xDialettica$2F 620 $dPADOVA 676 $a193 700 1$aTESTA,$bItalo$0287502 702 1$aRUGGIU,$bLuigi 801 0$aIT$bSA$c20111219 912 $a990005632800203316 950 0$aDipar.to di Filosofia - Salerno$dDFCC 193 TES$e4415 FIL 951 $aCC 193 TES$b4415 FIL 959 $aBK 969 $aFIL 979 $c20121027$lUSA01$h1525 979 $c20121027$lUSA01$h1614 979 $aPATRY$b90$c20121106$lUSA01$h1516 996 $aHegel critico e scettico$985287 997 $aUNISA NUM $aSA0008134